| 000 | 00476cam a2200193ua 4500 | ||
|---|---|---|---|
| 001 | 85 | ||
| 008 | 110316n ii |||gr||||Z||||||eng | ||
| 020 | _a81-7656-532-6 | ||
| 040 | _cMAIN | ||
| 082 | _a005 | ||
| 100 | _aKanetkar, Yashvant.., | ||
| 245 |
_aLet us C Solutions. _cBy Yashvant Kanetkar. |
||
| 250 | _a1st. | ||
| 260 |
_aNew Delhi.: _bBPB., _c2001. |
||
| 300 |
_avii, 486 p.: _bill.;8 cm. |
||
| 653 | _aComputer Science. | ||
| 653 | _aLet us C solutions. | ||
| 942 | _cBK | ||
| 999 |
_c76 _d76 |
||